Normal view
MARC view
Entry Personal Name
001 - CONTROL NUMBER
- control field: 87285
003 - CONTROL NUMBER IDENTIFIER
- control field: dpl
005 - DATE AND TIME OF LATEST TRANSACTION
- control field: 20260211123156.0
008 - FIXED-LENGTH DATA ELEMENTS
- fixed length control field: 260211|| aca||aabn | a|a d
040 ## - CATALOGING SOURCE
- Original cataloging agency: dpl
- Transcribing agency: dpl
100 ## - HEADING--PERSONAL NAME
- Personal name: Deokar, Deepali Atul
670 ## - SOURCE DATA FOUND
- Source citation: Work cat.: (dpl)214794: Deokar, Deepali Atul, Rangers:, 2025
